Normal view
MARC view
- Storage batteries
Entry Topical Term
001 - CONTROL NUMBER
- control field: 41093
003 - CONTROL NUMBER IDENTIFIER
- control field: NUST
005 - DATE AND TIME OF LATEST TRANSACTION
- control field: 20210314131951.0
008 - FIXED-LENGTH DATA ELEMENTS
- fixed length control field: 210314|| aca||aabn | a|a d
040 ## - CATALOGING SOURCE
- Original cataloging agency: NUST
- Transcribing agency: NUST
150 ## - HEADING--TOPICAL TERM
- Topical term or geographic name entry element: Storage batteries
670 ## - SOURCE DATA FOUND
- Source citation: Work cat.: (NUST): Ibbetson, W. S., 41092, Accumulator charging, maintenance and repair,, 1946.
